Banijyik ganit aru parisnkhya bigyan (Record no. 6044)

MARC details
000 -LEADER
fixed length control field 00520cam a2200181ua 4500
008 - FIXED-LENGTH DATA ELEMENTS--GENERAL INFORMATION
fixed length control field 140307n ii |||gr||||Z||||||asm
040 ## - CATALOGING SOURCE
Transcribing agency MAIN
082 ## - DEWEY DECIMAL CLASSIFICATION NUMBER
Classification number 519.5
245 ## - TITLE STATEMENT
Title Banijyik ganit aru parisnkhya bigyan
Statement of responsibility, etc. By Surendra nath ghosh
250 ## - EDITION STATEMENT
Edition statement 3rd rev & enl ed.
260 ## - PUBLICATION, DISTRIBUTION, ETC.
Place of publication, distribution, etc. Guwahati:
Name of publisher, distributor, etc. Students stores,
Date of publication, distribution, etc. 1992.
300 ## - PHYSICAL DESCRIPTION
Extent x,258p.
700 ## - ADDED ENTRY--PERSONAL NAME
Personal name Ghosh,Surendra nath,
Relator term
942 ## - ADDED ENTRY ELEMENTS (KOHA)
Koha item type Books
653 ## - INDEX TERM--UNCONTROLLED
Uncontrolled term Probabilities & applied mathematics
653 ## - INDEX TERM--UNCONTROLLED
Uncontrolled term Banijyik ganit aru parisnkhya bigyan
Holdings
Withdrawn status Lost status Damaged status Not for loan Home library Current library Shelving location Date acquired Total Checkouts Full call number Barcode Date last seen Copy number Price effective from Koha item type
        Naharkatiya College Library Naharkatiya College Library General Stacks 19/09/2020   519.5 | GHO 13508 19/09/2020 1 19/09/2020 Books

Naharkatiya College © 2020. All rights reserved.

Powered By